| 000 | 00483nam a2200193Ia 4500 | ||
|---|---|---|---|
| 005 | 20250423094622.0 | ||
| 008 | 250422s9999 xx 000 0 und d | ||
| 020 | _a978030968358 | ||
| 050 | _aQL 463 .T75/ | ||
| 100 | _aTriplehorn, Charles A. | ||
| 245 | 0 | _aBorror and delongs introduction to the study of insects | |
| 250 | _a7th ed. | ||
| 260 | _aAmerica | ||
| 260 | _bPeter Marshall | ||
| 260 | _c2005 | ||
| 300 | _a864 p | ||
| 650 | _aEntomology. Insects | ||
| 942 | _cBK | ||
| 999 |
_c27788 _d27788 |
||